Mushrooms - Sudden Death - Statistics

General Stats
  • This quiz has been taken 77 times
  • The average score is 6 of 20
Answers on the Grid
Answers color-coded by a green-red scale on the quiz's grid according to % correct below.
Alcohol ink cap
Amanita
Angel's wings
Black trumpet
Brown roll-rim
Cauliflower
Chestnut dapperling
Chicken of the woods
Crown-tipped coral
Deer shield
Fairy ring
False champignon
Giant hedgehog
Golden chanterelle
Golden oyster
Gyromitra
Huitlacoche
Ivory funnel
Jack o' lantern
King bolete
Panther cap
Pheasant back
Portobello
Puffball
Purple laccaria
Saffron milk cap
Shaggy mane
Shaggy parasol
Shiitake
Wood ear
 
Answer Stats
Answer % Correct
Shiitake
73%
Portobello
63%
Golden oyster
49%
Chicken of the woods
41%
Wood ear
41%
Black trumpet
39%
Golden chanterelle
39%
Cauliflower
37%
Puffball
29%
King bolete
27%
Saffron milk cap
27%
Fairy ring
17%
Giant hedgehog
17%
Purple laccaria
15%
Deer shield
12%
Shaggy mane
12%
Shaggy parasol
12%
Crown-tipped coral
10%
Pheasant back
10%
Huitlacoche
5%
No matching quizzes found
Score Distribution
Percent of People with Each Score
Percentile by Number Answered
Your Score History
You have not taken this quiz